| 000 | 00380nam a2200133Ia 4500 | ||
|---|---|---|---|
| 008 | 230917s9999||||xx |||||||||||||| ||und|| | ||
| 040 |
_e42482 _aMAIN |
||
| 041 | _aEnglish | ||
| 082 | _a820.9 H534C | ||
| 100 | _aHighet, Gilbert | ||
| 245 | 0 | _aClassical tradition: Greek & Roman influences on western literature | |
| 260 |
_aNew York _bOxford University Press _c763 |
||
| 942 | _cBK | ||
| 999 |
_c194595 _d194595 |
||